History Quiz

Random History or Decade Quiz

US History by Decade Quiz Stats

 Plays Quiz Updated Dec 10, 2018

Support Sporcle.
Go Orange.
Score 0/25 Timer 08:00
0 Plays Today
% Correct
2000s
90.8%
1990s
85.8%
1960s
85.7%
1980s
80.6%
1770s
79.2%
1970s
77.9%
1950s
76.8%
1860s
66.6%
1940s
66.3%
1760s
58.7%
1930s
57.9%
1800s
53.4%
1920s
49.6%
% Correct
1780s
49.2%
1890s
45%
1910s
43.2%
1790s
42.7%
1850s
41.9%
1900s
40.4%
1870s
39%
1840s
37.7%
1820s
32.8%
1880s
28.3%
1830s
27%
1810s
26.3%

You're not logged in!

Compare scores with friends on all Sporcle quizzes.
OR
Log In
Forgot?

From the Vault

Secret Country XXI

by goc3

Geography 60s
If you take all our secret countries, you'll start to build an even larger secret community.
Remove Ads.
Support Sporcle.
Get the best of Sporcle when you Go Orange. This ad-free experience offers more features, more stats, and more fun while also helping to support Sporcle. Thank you for becoming a member.

Show Comments

Extras

Top Quizzes Today


Score Distribution

Your Account Isn't Verified!

In order to create a playlist on Sporcle, you need to verify the email address you used during registration. Go to your Sporcle Settings to finish the process.

Report this User

Report this user for behavior that violates our Community Guidelines.

Details: